Palatini Regni Hungariae : Bello, Paceque Clarissimi Celsissimo, Ac Reverendissimo Domino, Domino Nicolao, E Comitibus Csáky De Keresztszegh, S. R. I. Principi, Archi - Episcopo Strigoniensi, Et Primati Regni Hungariae, &c. &c. Moecenati Gratiosissimo Demississime Oblati A Reverendo ac Perillustri Domino Stephano Barinay De Monostor, AA. LL. & Philosophiae Baccalaureo formato, nec non pro suprema ejusdem Laurea Candidato, Coll. Paz. Alumno, Dum Theses Philosophicas Sub Gloriosissimis Ejusdem Auspiciis Authoritate Et Consensu Perillustris Ac Magnifici Domini Universitatis Rectoris. Admodum Reverendi, Clarissimi, Caesareo - Regii Facultatis Philosophicae Directoris. Admodum Reverendi, Clarissimi, ac Spectabilis Domini Decani, Totiusque Inclytae Facultatis Philosophicae, In Antiquissima, Ac Celeberrima Universitate Viennensi Publice propugnandas suscepit, Praeside R. P. Joanne Bapt. Kaschutnig, e Soc. Jesu. AA. LL. & Philosophiae Doctore, ejusdemque Professore Emerito, nec non p. t. Inclytae Facultatis Philosophicae Seniore, & Consistoriali.

Podrobná bibliografia
Hlavný autor: Schmitth, Mikuláš, 1707-1767 (Author)
Korporácia: Akademická tlačiareň (Printer), knižnice - Verejná knižnica (Signer), múzeá - Východoslovenské múzeum (Signer)
Ďalší autori: Barinay, Stephanus (Dedicator), Kaschuttnigg, Joachim Baptista, 1714-1789 (Other), Bárány, János 1716-1758 (Signer), Čáki, Mikuláš, biskup 1698-1757 (Dedicatee, Director)
Médium: Kniha
Jazyk:Latin
Vydané: Tyrnaviae : Typis Academicis Societatis Jesu, Anno M. DCC. LIII.[=1753] Mense Majo, Die 13
Témy:
Signatúra: GR 2188
LEADER 02994nam a2200433 a 4500
001 000000489
005 20110701103949.0
008 050727s175313 xo e lat
FMT
040 |a SVKKK  |b slo  |c SVKKK  |e AACR2 
041 0 |a lat 
044 |a xo  |c SK 
080 |a 943.92 
100 1 |a Schmitth, Mikuláš,  |d 1707-1767  |4 aut 
245 1 0 |a Palatini Regni Hungariae :  |b Bello, Paceque Clarissimi Celsissimo, Ac Reverendissimo Domino, Domino Nicolao, E Comitibus Csáky De Keresztszegh, S. R. I. Principi, Archi - Episcopo Strigoniensi, Et Primati Regni Hungariae, &c. &c. Moecenati Gratiosissimo Demississime Oblati A Reverendo ac Perillustri Domino Stephano Barinay De Monostor, AA. LL. & Philosophiae Baccalaureo formato, nec non pro suprema ejusdem Laurea Candidato, Coll. Paz. Alumno, Dum Theses Philosophicas Sub Gloriosissimis Ejusdem Auspiciis Authoritate Et Consensu Perillustris Ac Magnifici Domini Universitatis Rectoris. Admodum Reverendi, Clarissimi, Caesareo - Regii Facultatis Philosophicae Directoris. Admodum Reverendi, Clarissimi, ac Spectabilis Domini Decani, Totiusque Inclytae Facultatis Philosophicae, In Antiquissima, Ac Celeberrima Universitate Viennensi Publice propugnandas suscepit, Praeside R. P. Joanne Bapt. Kaschutnig, e Soc. Jesu. AA. LL. & Philosophiae Doctore, ejusdemque Professore Emerito, nec non p. t. Inclytae Facultatis Philosophicae Seniore, & Consistoriali. 
260 |a Tyrnaviae :  |b Typis Academicis Societatis Jesu,  |c Anno M. DCC. LIII.[=1753] Mense Majo, Die 13 
300 |a [8],220,[4] s. [4],A/4-Z/4,Aa/4-Ee/4 [=116] list.  |c 4°. 34x21 cm 
500 |a Vineta ornam., vlys ornam. s erbom Uhorska, inic. s ornam. pozadím vo voľ. priestore na 4, 5, 7 r., tlač. marginálie, kustódy. 
505 2 |a Konvolút - Prom. tlač: Na zl. [2]-[4] ded. študenta S. Barinaya ostrihomskému arcibiskupovi M. Čákimu. 
510 4 |a Petrik V/452; Hanakovič III/1137. 
561 |a Peč.: Štátna vedecká knižnica v Košiciach; Kassa Sz. Kir. Város Közkönyvtára A Felsőmagyarországi Muzeum Könyvtárából 12346 sorszám; Muzeum Košice. Rkp.: Joan Bárány. 
563 |a Pôvodná - lepenka, hnedá mramor. koža s rámcovou link. slepotlačou, chrbát so zlát. ornam.-link. slepotlačou a s textom "Palati Regni Hunga" 
653 1 |a dejiny Uhorska 
653 1 |a palatíni 
700 1 |a Barinay, Stephanus  |4 dto 
700 1 |a Kaschuttnigg, Joachim Baptista,  |d 1714-1789  |4 oth 
700 1 |a Bárány, János  |d 1716-1758  |4 sgn 
700 1 |a Čáki, Mikuláš,  |c biskup  |d 1698-1757  |4 dte  |4 drt 
710 0 |a Akademická tlačiareň  |c Trnava  |d 1648-1773  |4 prt 
710 0 |a knižnice - Verejná knižnica  |c Košice  |4 sgn 
710 0 |a múzeá - Východoslovenské múzeum  |c Košice  |4 sgn 
752 |a Slovensko  |d Trnava 
852 |p GR 2188 
904 |a acf-y----ga------yydb-1001-- 
905 |a bf-a0db- 
910 |a svkkk 
997 |a Kaschutnig, Joanne Bapt. p. Kaschuttnigg, Joachim Baptista  |4 oth 
998 |a TRNTL 
BAS